| 000 | 003660000a22001210004500 | ||
|---|---|---|---|
| 090 |
_aAS _bSeriadas |
||
| 245 | 1 | 0 | _aAtlas palinológico de la Amazonia colombiana II. familia Asteraceae |
| 041 | 0 | _aEspañol | |
| 700 | 1 |
_aRangel Ch., J. Orlando _992819 |
|
| 100 | 1 |
_aJiménez Bulla, Luis Carlos _97273 |
|
| 942 | _cARTICULO | ||
| 773 | 1 |
_tCaldasia _345 _h1-2 _q29-39 _d1997 _g19 |
|
| 999 |
_c14643 _d14643 |
||